| 000 | 01202nam a2200325 a 4500 | ||
|---|---|---|---|
| 001 | 000006473 | ||
| 003 | DO-SdBNP | ||
| 005 | 20240426130328.0 | ||
| 007 | 000006473 | ||
| 008 | 090831s2006 dr ab 000 0 spa d | ||
| 020 | _a994541013X | ||
| 040 |
_aBPMSU _bspa _cBPMSU |
||
| 082 | 4 |
_a305.89607293 _bA577p |
|
| 100 | 1 |
_aAndújar Persinal, Carlos, _d1956- |
|
| 245 | 1 | 3 |
_aLa presencia negra en Santo Domingo : _bun enfoque etnohistórico / _cCarlos Andújar ; prólogo Carlos Esteban Deive. |
| 260 |
_aSanto Domingo, : _bLetra Gráfica, _c2006. |
||
| 300 |
_a157 p. : _bil., mapa ; _c18 cm. |
||
| 490 | 1 | _aBreve Letra Gráfica | |
| 504 | _aBibliografía: p. 153-157 | ||
| 504 | _aIncluye referencias bibliográficas y notas al pie de las páginas | ||
| 650 | 4 |
_aNegros _zRepública Dominicana _xHistoria |
|
| 650 | 4 |
_aEsclavos _zRepública Dominicana _xHistoria |
|
| 651 | 4 |
_aRepública Dominicana _xCivilización _xInfluencias africanas |
|
| 700 | 1 |
_aDeive, Carlos Esteban, _epról. |
|
| 830 | 0 | _aBreve Letra Gráfica | |
| 910 | _aValidado. Control de calidad BNPHU | ||
| 942 |
_2ddc _cBK |
||
| 945 | _aInventariado / 2017 VM | ||
| 956 |
_aVMATEO _b10 _c20150423 _lBND01 _h00151 |
||
| 999 |
_c7682 _d7682 |
||